| 000 | 00656nam a2200241Ia 4500 | ||
|---|---|---|---|
| 003 | OSt | ||
| 005 | 20220918192449.0 | ||
| 006 | a|||||r|||| 00| 0 | ||
| 007 | ta | ||
| 008 | 220917b |||||||| |||| 00| 0 eng d | ||
| 024 | _a68,497 | ||
| 037 | _cTextual | ||
| 040 |
_aARTS _cARTS _beng |
||
| 041 |
_2eng _aeng |
||
| 082 | _aR3xN29:g, N4 | ||
| 100 |
_aOuthwaite William _979183 |
||
| 245 | 0 |
_aHabermas _b a critical introduction |
|
| 260 |
_aCambridge _bPolity Press _c1994 |
||
| 300 |
_ax,194p. _ccm. |
||
| 500 | _aBib 180-88p; Includes index | ||
| 942 |
_hR3xN29:g, N4 _cTEXL _2CC |
||
| 999 |
_c194668 _d194668 |
||